US Presidents - In Other Words - Statistics

General Stats
  • This quiz has been taken 56 times
    43 since last reset
  • The average score is 22 of 45
Answer Stats
Hint Answer % Correct
Indiana Jones actor's last name Ford
97%
Han Solo actor's first name Harrison (Ford)
94%
Beatle George Harrison
81%
Loves lasagna and hates Mondays Garfield (cartoon cat)
78%
Amy, Cary, or Hugh Grant
75%
"Shake It Off" Swift Taylor (Taylor Swift)
75%
Tom Hank's only friend for four years (2000 film) Wilson (volleyball from "Cast Away")
72%
1947 rename of Boulder Dam Hoover (Hoover Dam)
69%
Magic Laker Johnson (Earvin "Magic" Johnson of the L.A. Lakers)
69%
Known for his round table Arthur (King Arthur)
67%
"ABC" 5 Jackson (Jackson 5 sang "ABC")
67%
Laundering 2,000 lbs. Washington (washing ton)
67%
Puttin' a chain together Lincoln (linkin')
64%
Director Eastwood atop? Clinton (Clint on)
61%
Head on a dime Roosevelt (F.D.R)
61%
Idiom: Don't buy a pig in one of these Polk ("A pig in a poke.")
58%
Idiom: Place where birds are worth half as much Bush ("A bird in the hand is worth two in the bush.")
56%
Ohio's second city by population Cleveland (city in Ohio)
56%
HIOIWIEIR Eisenhower ("I"s in "HOWER")
50%
Known for movin' on up to the East Side Jefferson (TV: "The Jeffersons")
50%
Sparring partner Durden (1999 film) Tyler (Tyler Durden from "Fight Club")
50%
The first Playmate Monroe (Marilyn Monroe)
47%
Wrote "Hitchhiker's Guide to the Galaxy" Adams (author Douglas Adams)
44%
Center of Cape Canaveral, Florida Kennedy (Kennedy Space Center)
44%
That dude isn't fake Truman (true man)
44%
Transports cargo with horses' help Carter
42%
What to do if there's not enough in something Fillmore (fill more)
42%
Big in Wisconsin Madison (Largest city in Wisconsin)
42%
The best in bridge Trump (trump suit of cards)
42%
Odd cartoon family Adams ("The Addams Family")
39%
A ghost's heavy artillery? Buchanan (boo cannon)
39%
Gavin Rossdale band Bush
39%
Where doves go for higher education? Coolidge (coo-llege - college)
39%
Vetoin' or cancellin' Nixon (nixing)
39%
What Marvin the Martian pointed at Bugs Bunny Reagan ("ray gun")
39%
Tattoo artists do it thousands of times Pierce
33%
Grassland with prickly red flowers Roosevelt ("rose veldt")
31%
Mist or fog Hayes (haze)
28%
Disappointment in the Crimson Tide? Obama ("oh, Bama!")
28%
Figure skater turned boxer Harding (Tonya Harding)
22%
Center of Houston, Texas Johnson (Johnson Space Center)
22%
Lee, who is family to me? McKinley ("my kin, Lee")
22%
Away from T'bow? Taft (bow is opposite aft on a ship)
22%
Passenger vehicle set ablaze? Van Buren ("van burn")
22%
Split the earth Cleveland (cleave land)
14%
No matching quizzes found
Score Distribution
Percent of People with Each Score
Percentile by Number Answered
Your Score History
You have not taken this quiz since the last reset